Diseño de un sistema de gestión integral para el área de transmisión y transformación occidente de Comisión Federal de Electricidad /

I tiakina i:
Ngā taipitopito rārangi puna kōrero
Kaituhi matua: Torres Salazar, Juan (autor)
Hōputu: Tuhinga whakapae Pukapuka
Reo:Pāniora
Ngā marau:
Ngā Tūtohu: Tāpirihia he Tūtohu
Kāore He Tūtohu, Me noho koe te mea tuatahi ki te tūtohu i tēnei pūkete!

MARC

LEADER 00000nam^a2200000^a^4500
001 000154798
005 20250521000000.0
009 20260310100408.227
037 |a Acervo ITESO - Biblioteca 
041 |a ESP 
090 |a IIN. 441 
100 |a Torres Salazar, Juan  |e (autor) 
245 1 0 |a Diseño de un sistema de gestión integral para el área de transmisión y transformación occidente de Comisión Federal de Electricidad /  |c J. Torres Salazar. 
264 |a Guadalajara, México :  |b edición de autor,  |c 2003 
300 |a 1 disco compacto de computadora 
336 |a datos para computadora  |b cod  |2 rdacontenido 
337 |a computadora  |b c  |2 rdamedio 
338 |a disco de computadora  |b cd  |2 rdasoporte 
502 |a ITESO Reporte Profesional de Licenciatura en Ingeniería Industrial 
649 |a XX 
650 |a Ingenieros Industriales -  |x Prácticas Profesionales 
650 |a Comisión Federal de Electricidad (México) 
650 |a Industria Eléctrica -  |z México (Región Occidente) 
650 |a Industria Eléctrica -  |z México 
650 |a Paraestatales 
650 |a Sector Servicios -  |z México -  |x Administración 
650 |a Energía Eléctrica -  |x Distribución -  |z México 
650 |a Seguridad Industrial 
650 |a Servicios Públicos -  |z México 
650 |a Círculos de Calidad 
650 |a Control de Calidad 
650 |a Calidad en el Servicio 
650 |a Conservación y Protección Ambiental 
650 |a Promoción del Servicio 
650 |a Benchmarking 
650 |a Proceso Administrativo -  |x Dirección 
650 |a Ingeniería Ambiental 
650 |a Ingeniería Industrial 
650 |a Ciencias Administrativas 
910 |a Fondo General 
920 |a Electrónicos - Tesis del ITESO en Disco 
905 |a 202 
901 |a 0500086553  |b IT2  |c STS  |u 20250521 
902 |a https://opac.biblio.iteso.mx/vufind/Record/000154798